00000000nam 2200000zi 4500
0019.945348
003CaOODSP
00520241119160110
006m     o  d f      
007cr mn|||||||||
008241119s1972    onc     o    f000 0 fre d
040 |aCaOODSP|bfre|erda|cCaOODSP
043 |an-cn---
0861 |aCo41-1/8CF-PDF|zCo41-1/8CF
24504|aLes télécommunications dans le Nord canadien.
264 1|aOttawa : |bMinistère des communications, |c1972.
300 |a1 ressource en ligne (135 pages).
336 |atexte|btxt|2rdacontent/fre
337 |ainformatique|bc|2rdamedia/fre
338 |aressource en ligne|bcr|2rdacarrier/fre
4901 |aTélécommission étude ; |v8(c)
500 |aPublié aussi en anglais sous le titre : Northern communications study.
500 |aÉdition numérisée de l'imprimé [par Innovation, sciences et développement économique Canada].
650 6|aSatellites artificiels dans les télécommunications|zCanada (Nord)
650 6|aRadiodiffusion|yCanada (Nord)
650 6|aTélécommunications|zCanada (Nord)
650 6|aTélécommunications|xPolitique gouvernementale|zCanada (Nord)
7101 |aMinistère des communications, |eorganisme de publication.
77508|tNorthern communications study.|w(CaOODSP)9.945346
830#0|aTélécommission étude ;|v8(c).|w(CaOODSP)9.927948
85640|qPDF|s2.82 Mo|uhttps://publications.gc.ca/collections/collection_2024/isde-ised/co41-1/Co41-1-8C-fra.pdf